| 000 | 00660nam a2200229 a 4500 | ||
|---|---|---|---|
| 001 | 62078 | ||
| 003 | BD-RjUL | ||
| 005 | 20211209081036.0 | ||
| 008 | 170122s1972 nyua 000 0 eng d | ||
| 020 | _a0070183058 | ||
| 035 | _a(BD-RjUL)62203 | ||
| 040 |
_aBD-RjUL _cBD-RjUL _dBD-RjUL _beng |
||
| 041 | _aeng | ||
| 082 | 0 | 0 |
_a720 _223 _bDUA 1972 |
| 100 | 1 |
_aDunn, Alan, _d1900- _9184676 |
|
| 245 | 1 | 0 |
_aArchitecture observed / _cAlan Dunn |
| 260 |
_aNew York : _bArchitectural Record Books _c1972 |
||
| 300 |
_a144 p. : _bill. ; _c23 x 24 cm. |
||
| 650 | 0 |
_aArchitecture _9184677 |
|
| 650 | 0 |
_aArchitecture _xCaricatures and cartoons. _9184678 |
|
| 942 |
_2ddc _cBK |
||
| 999 |
_c62078 _d62078 |
||